000 00585nam a2200205Ia 4500
005 20250326143702.0
008 250326s9999 xx 000 0 und d
020 _a81-203-2909-0
037 _aTextbook
040 _aFMSL
_beng
_cFMSL
041 _aeng
_2eng
084 _aX:8k P6
_qFMSL
100 _aHorngren Charlest
_9748383
245 0 _aCost Accounting :A Managerial Emphasis
_cHorngren Charlest And Others
250 _a12
260 _aNew Delhi
_bNew Delhi, Prentice-Hall
_c2006
300 _axxvii,868
942 _cTB
_hX:8k P6
999 _c1300586
_d1300586